| 000 | 01585nac a22003371i 4500 | ||
|---|---|---|---|
| 003 | EG-ScBUE | ||
| 005 | 20250526095509.0 | ||
| 008 | 250415t1967 n a f b 001 0 eng d | ||
| 040 |
_aEG-ScBUE _beng _erda _cEG-ScBUE _dEG-ScBUE |
||
| 041 | 1 |
_aeng _hrus |
|
| 082 | 0 | 4 |
_a530.15 _bGUN _222 |
| 100 | 1 |
_aGunter, N. M., _eauthor. |
|
| 240 | 1 |
_aTeoriya potentsiala i ee primenenie k osnovnym zadacham matematicheskio fiziki. _lEnglish |
|
| 245 | 1 | 0 |
_aPotential theory, and its applications to basic problems of mathematical physics / _cN. M. Gunter ; translated by John R. Schulenberger. |
| 264 | 1 |
_aNew York : _bFrederick Ungar Publishing Co., _c[1967] |
|
| 264 | 4 | _cc1967 | |
| 300 |
_axi, 338 pages : _billustrations ; _c25 cm |
||
| 336 |
_2rdacontent _atext _btxt |
||
| 337 |
_aunmediated _2rdamedia _bn |
||
| 338 |
_avolume _bnc _2rdacarrier |
||
| 500 | _a"A short biography [of the author, by V.I. Smirnov and S.L. Sobolev]": p. 327-336. | ||
| 500 | _aTranslation of [Teoriiï¸ a︡ potentï¸ s︡iala i ee primenenie k osnovnym zadacham matematicheskoĭ fiziki], a translation of La theÌ?orie du potentiel et ses applications aux probleÌ€mes fondamentaux de la physique matheÌ?matique. | ||
| 500 | _aIncludes appendix. | ||
| 504 | _aIncludes bibliographical references and index. | ||
| 546 | _aText in English ; translated from the original Russian language. | ||
| 650 | 7 |
_aPotential theory (Mathematics) _2BUEsh |
|
| 650 | 7 |
_aMathematical physics. _2BUEsh |
|
| 655 | _vReading book | ||
| 700 | 1 |
_aSchulenberger, John R., _etranslator. |
|
| 942 |
_cBB _2ddc |
||
| 999 |
_c7645 _d7645 |
||